Michel Cervantes (Record no. 2897)
[ view plain ]
| 000 -CABECERA | |
|---|---|
| campo de control de longitud fija | 01524nam a2200301 a 4500 |
| 001 - NÚMERO DE CONTROL | |
| campo de control | BRCA_3161 |
| 005 - FECHA Y HORA DE LA ÚLTIMA TRANSACCIÓN | |
| campo de control | 20190320204136.0 |
| 008 - DATOS DE LONGITUD FIJA--INFORMACIÓN GENERAL | |
| campo de control de longitud fija | 110209s1901----fr-a---###---#000-0#fre-u |
| 041 ## - CÓDIGO DE LENGUA | |
| Código de lengua del texto/banda sonora o título independiente | fre |
| 044 ## - CÓDIGO DEL PAÍS DE LA ENTIDAD EDITORA/PRODUCTORA | |
| Código MARC del país | fr |
| 084 ## - OTRO NÚMERO DE CLASIFICACIÓN | |
| Número de clasificación | 465 |
| Número de documento/Ítem | .E38 |
| -- | 1901 |
| 100 1# - ENTRADA PRINCIPAL--NOMBRE DE PERSONA | |
| Nombre de persona | Cervantes Saavedra, Miguel de |
| Fechas asociadas al nombre | 1547-1616 |
| 9 (RLIN) | 213 |
| 245 10 - MENCIÓN DE TÍTULO | |
| Título | Michel Cervantes |
| Resto del título | Don Quichotte de la Manche |
| Mención de responsabilidad, etc. | Michel Cervantes. |
| 260 ## - PUBLICACIÓN, DISTRIBUCIÓN, ETC. | |
| Lugar de publicación, distribución, etc. | París |
| Nombre del editor, distribuidor, etc. | Libraire D´Éducation Nationale |
| Fecha de publicación, distribución, etc. | 1901 |
| 300 ## - DESCRIPCIÓN FÍSICA | |
| Extensión | viii, 328 p. |
| Otras características físicas | il. |
| Dimensiones | 30 cm. |
| 500 ## - NOTA GENERAL | |
| Nota general | Contenido : Primera parte. Texto abreviado. Segunda parte. Texto abreviado |
| 500 ## - NOTA GENERAL | |
| Nota general | Edición : Nouvelle Mise a la Portée de la Jeunesse par Nallat de Bassilan de la Bibliothèque Nationale. Illustrée de Nombreuses Gravures par V. A. Poirson, Albart Guillaume et J. Pelcocq. Gravures sur bois de Jouenne |
| 500 ## - NOTA GENERAL | |
| Nota general | Abreviación de la novela para uso de la juventud. Las láminas están bien trazadas; pero la indumentaria de los personajes demuestra que sus autores no conocían la época en que Cervantes sitúa la fábula. Tela; lomo y cubierta ricamente decorados con adornos multicolores Lúdovik Osterc |
| 500 ## - NOTA GENERAL | |
| Nota general | QM1022 |
| 546 ## - NOTA DE LENGUA/LENGUAJE | |
| Nota de lengua/lenguaje | Texto en : español |
| 650 14 - PUNTO DE ACCESO ADICIONAL DE MATERIA--TÉRMINO DE MATERIA | |
| Término de materia o nombre geográfico como elemento de entrada | Novela española |
| Subdivisión cronológica | Época clásica, 1500-1700 |
| 9 (RLIN) | 215 |
| 650 14 - PUNTO DE ACCESO ADICIONAL DE MATERIA--TÉRMINO DE MATERIA | |
| Término de materia o nombre geográfico como elemento de entrada | Literatura española |
| Subdivisión cronológica | Época clásica, 1500-1700 |
| 9 (RLIN) | 216 |
| 650 14 - PUNTO DE ACCESO ADICIONAL DE MATERIA--TÉRMINO DE MATERIA | |
| Término de materia o nombre geográfico como elemento de entrada | Novela española |
| Subdivisión cronológica | Siglo XVII |
| 9 (RLIN) | 217 |
| 650 14 - PUNTO DE ACCESO ADICIONAL DE MATERIA--TÉRMINO DE MATERIA | |
| Término de materia o nombre geográfico como elemento de entrada | Don Quijote (Personaje ficticio) |
| Término indicativo de función/relación | Novela |
| 9 (RLIN) | 218 |
| 740 0# - PUNTO DE ACCESO ADICIONAL--TÍTULO RELACIONADO O ANALÍTICO NO CONTROLADO | |
| Título relacionado o analítico no controlado | El Ingenioso Hidalgo Don Quijote de la Mancha |
| 902 ## - CATALOGADOR | |
| Iniciales | QFM |
| 942 ## - ELEMENTOS DE PUNTO DE ACCESO ADICIONAL (KOHA) | |
| Fuente del sistema de clasificación o colocación | Library of Congress Classification |
| Tipo de ítem Koha | Libros |
| Estado de retiro | Estado de pérdida | Estado dañado | No para préstamo | Localización permanente | Ubicación/localización actual | Fecha de adquisición | Número de inventario | Total de préstamos | Signatura topográfica completa | Código de barras | Fecha visto por última vez | Precio válido a partir de | Tipo de ítem Koha |
|---|---|---|---|---|---|---|---|---|---|---|---|---|---|
| El ejemplar forma parte de la colección y puede ser consultado según las políticas vigentes. | Biblioteca del Museo Franz Mayer (Rogerio Casas-Alatriste) | Biblioteca del Museo Franz Mayer (Rogerio Casas-Alatriste) | 11/02/2009 | QM1022 | 465 .E38 1901 (QM1022) | 3158 | 22/03/2019 | 22/03/2019 | Libros |